Knižnica známa vďaka streche

Bibliographic Details
Main Author: Klanic, Karol (Author)
Format: Article
Language:Slovak
PhysicalDescription:Fotogr.
ISSN:1335-1230
Subjects:

MARC

LEADER 00000nab a2200000 a 4500
001 vtls008843623
003 SK-MaSNL
005 20260303063139.0
008 140328c2006 xo zr|p|||||||000 b|slo
015 |a SNBRB2006/08  |2 snkbucl 
038 |a SNKBUCL 
040 |a SNKBUCL  |b slo  |c SNKBUCL  |e AACR2 
041 0 |a slo 
044 |a xo  |c SK 
080 |a 692.42/.47:727.8  |x (73)  |2 2001 
080 |a 727.8  |x (73)  |2 2001 
100 1 |a Klanic, Karol  |4 aut  |9 1040590 
245 1 0 |a Knižnica známa vďaka streche  |c Karol Klanic 
300 |b Fotogr. 
500 |a Architekt:Peter Bohlin, Robert Miller z firmy Bohlin Cywinski Jackson 
610 2 7 |a Ballardská knižnica (Seattle, Wash.)  |x strecha  |2 snkbucl  |9 1059935 
650 0 7 |a nízkoenergetické domy  |2 snkbucl  |9 82503 
650 0 7 |a energeticky pasívne domy  |2 snkbucl  |9 1035926 
650 0 7 |a strechy  |2 snkbucl  |9 1780 
773 0 |t ASB  |g Roč. XIII, č. 9 (2006), s. 78-80  |x 1335-1230 
852 |a SNK  |b KIS3GCP 
958 |a US 
999 |c 1741925  |d 1743855